00610nam a2200205Ia 450000500170000000800410001702000300005804000190008804100120010708200170011910000240013624500940016026000550025430000100030950400110031965000140033065100270034470000220037185000110039320240309113813.0131103s9999 xx 000 0 und d a8173917892cRs 1495 (set) aLoreto College aEnglish a371.33 bSHA aSharna, Yogendra K. aEducational Technology and Management Vol 2, b cYogendra K. Sharma, Madhulika Sharma aNew DelhibKanishka Publishers, Distributorsc2006 a365p  aV1; V2 aEducation aEducational Technology aSharma, Madhulika aLCLIB